000 00547nam a22001937a 4500
003 LK-CoDNM
005 20250123131949.0
008 250123b |||||||| |||| 00| 0 eng d
040 _aLK-CoDNM
_dLK-CoDNM
_eLK-CoDNM
041 _aeng
080 _a13
_bD20
100 _aMorgan,Thomas Hunt
245 _aA critique of the theory of evolution
260 _aPrinceton
_bPrinceton university press
260 _aLondon
_bHumphery Milford,Oxford university press
_c1919
300 _ax, 197p. : ill ; 20 cm
650 _aAnimals
942 _cBK
999 _c237323
_d237323